[Event "Leon"]
[Site "Leon"]
[Date "1997.06.09"]
[Round "5"]
[White "Campora, Daniel Hugo"]
[Black "Nunn, John DM"]
[Result "1/2-1/2"]
[WhiteElo "2555"]
[BlackElo "2605"]
[Annotator "Rogozenco,D"]
[PlyCount "40"]
[EventDate "1997.06.05"]
[EventType "tourn"]
[EventRounds "9"]
[EventCountry "ESP"]
[EventCategory "10"]
[SourceTitle "CBM 060"]
[Source "ChessBase"]
[SourceDate "1997.09.29"]
[SourceVersion "1"]
[SourceVersionDate "1997.09.29"]
[SourceQuality "1"]

1. e4 c5 2. Nf3 e6 3. d4 cxd4 4. Nxd4 Nf6 5. Nc3 Nc6 6. Nxc6 bxc6 7. e5 Nd5 8.
Ne4 Qc7 (8... Qa5+ 9. c3 Ba6 10. Bxa6 Qxa6 11. Qe2 Qxe2+ 12. Kxe2 f5 13. Nd2
Nf4+ 14. Kf3 Nd3 15. Nc4 d5 $1 16. exd6 e5 17. Ke2 e4 18. g3 (18. Be3 $5) 18...
O-O-O 19. Bf4 Nxf4+ 20. gxf4 Bxd6 21. Nxd6+ Rxd6 $11 {Istratescu-Vaisser/Cairo/
1997}) 9. f4 Qb6 10. Bd3 {This doesn`t pretend to fight for an advantage. It
is well known that after 10. ... Ba6 the position is equal.} (10. c4) 10... Ba6
11. Bxa6 Qxa6 12. Qe2 Qxe2+ 13. Kxe2 f5 14. Nf2 Rb8 (14... d6 $143 15. exd6
Bxd6 16. Nd3 a5 17. a4 c5 18. c4 Nb6 19. b3 $14 {Tischbierek-Chekhov/Leipzig/
1988}) 15. c4 Nb4 16. Bd2 Bc5 17. Bxb4 Rxb4 18. b3 Bxf2 19. Kxf2 a5 20. Ke3 Ke7
1/2-1/2

[Event "Bazna Kings 3rd"]
[Site "Bazna"]
[Date "2009.06.17"]
[Round "4"]
[White "Ivanchuk, Vassily"]
[Black "Radjabov, Teimour"]
[Result "1/2-1/2"]
[WhiteElo "2746"]
[BlackElo "2756"]
[Annotator "Rogozenco,D"]
[PlyCount "73"]
[EventDate "2009.06.14"]
[EventType "tourn"]
[EventRounds "10"]
[EventCountry "ROU"]
[EventCategory "20"]
[SourceTitle "CBM 131"]
[Source "ChessBase"]
[SourceDate "2009.07.15"]
[SourceVersion "1"]
[SourceVersionDate "2009.07.15"]
[SourceQuality "1"]

1. e4 c5 2. Nf3 Nc6 3. Nc3 e6 4. d4 cxd4 5. Nxd4 Nf6 6. Nxc6 bxc6 7. e5 Nd5 8.
Ne4 Qc7 9. f4 Qb6 10. c4 Ne3 11. Qd3 Nf5 {In my opinion this is a doubtful
line for Black.} 12. Bd2 $1 $146 {In 1992 Kasparov won a nice game with 12,g4
and since then this pawn advance has been played almost automatically.
Ivanchuk's powerful novelty puts even more pressure on aficionados of the move
11...Nf5.} (12. g4 Nd4 13. Bg2 h5 14. g5 Bb7 15. Be3 Nc2+ 16. Kf2 Nxe3 17. Qxe3
Qxb2+ 18. Kg3 Ba6 19. Rab1 h4+ 20. Kh3 Qc2 21. Rhc1 Qa4 22. Qc3 Ba3 23. Rc2 Be7
24. Rb3 O-O 25. Nf6+ gxf6 26. gxf6 Bc5 27. Be4 Rfb8 28. Kxh4 Kf8 29. Rg2 Qxc4
30. Qxc4 Bxc4 31. Bh7 Bf2+ 32. Kh5 {1-0 Kasparov,G (2780)-Illescas Cordoba,M 
(2555)/Linares 1992}) 12... Qxb2 {Practically forced, otherwise Black's entire
opening concept makes little sense.} 13. Rb1 Qd4 {This leads to a difficult
endgame for Black.} ({Perhaps Black should take the second pawn, although after
} 13... Qxa2 14. Be2 {White's compensation is beyond doubt.}) (13... Qa3 14. g4
(14. Qxa3 Bxa3 15. c5 $44) 14... Qxd3 15. Bxd3 $44 Nd4 $140 16. Be3 c5 17. Bxd4
cxd4 18. c5 $16) 14. Qxd4 Nxd4 15. c5 $1 a5 16. Kf2 Be7 (16... Ba6 $2 17. Bxa6
Rxa6 18. Rb8+ Ke7 19. Nd6 {and mate on e8.}) 17. Nd6+ Bxd6 18. exd6 O-O 19. Rb6
$1 {Prevents 19...Ba6} Nc2 20. Bc4 Nb4 21. Bxb4 axb4 22. Ke3 {Ivanchuk is
ready to protect the c5-pawn (in the event of Ra5) and wants to play for
domination. However, he spent almost all of his time on 22.Ke3 and soon found
himself in severe time-trouble. In spite of White's great activity it will not
be easy now to break through Black's position.} ({White could achieve a large
advantage with} 22. Rb1 Ra5 23. R1xb4 Rxc5 24. Ra4 $1 {and at some moment both
white rooks come to the 8th rank, winning the bishop. Then the a-pawn will
decide the outcome.}) 22... h6 $1 23. Kd4 (23. h4 Ra3+ 24. Kd4 Rg3 $132) (23.
Rf1 f5 24. Kd4 g5 {is also not convincing for White.}) (23. Rxb4 $5 Ba6 24. Bb3
$14) 23... g5 24. f5 (24. g3 $14) (24. fxg5 hxg5 25. Rb1 Kg7 26. R1xb4 Rh8 $132
) 24... exf5 (24... Kg7 25. Rf1 $14) 25. Re1 Kg7 26. g3 (26. Re7 $142 f4 27.
Rxb4 Kf6 28. a4 $14) 26... Kf6 27. Re7 h5 {The advance of the h-pawn secures
Black counterplay.} 28. Bb3 (28. Rxb4 Ba6 (28... h4 $5 29. gxh4 Rh8 30. Rxf7+
Kg6 31. Ke5 Ra5 $13) 29. Rxd7 Bxc4 30. Kxc4 Rxa2 31. Rc7 Rc2+ 32. Kd4 Re8 33.
Rxc6 Re4+ 34. Kd3 Ree2 $11) 28... h4 29. gxh4 ({The last possibility to retain
some advantage was} 29. Rxb4) 29... Rh8 $1 $11 30. Rxf7+ Kg6 31. hxg5 Rxh2 32.
Rf8 Rh4+ 33. Ke3 Kxg5 34. Rg8+ Kf6 35. Rf8+ Kg5 36. Rg8+ Kf6 37. Rf8+ 1/2-1/2

[Event "USA-ch"]
[Site "Parsippany"]
[Date "1996.??.??"]
[Round "6"]
[White "De Firmian, Nick E"]
[Black "Khmelnitsky, Igor N"]
[Result "1/2-1/2"]
[WhiteElo "2575"]
[BlackElo "2485"]
[Annotator "Romero Holmes"]
[PlyCount "62"]
[EventDate "1996.07.13"]
[EventType "tourn"]
[EventRounds "13"]
[EventCountry "USA"]
[EventCategory "12"]
[SourceTitle "CBM 055"]
[Source "ChessBase"]
[SourceDate "1996.12.01"]
[SourceVersion "1"]
[SourceVersionDate "1996.12.01"]
[SourceQuality "1"]

1. e4 c5 2. Nf3 e6 3. d4 cxd4 4. Nxd4 Nf6 5. Nc3 Nc6 6. Ndb5 Bb4 7. a3 Bxc3+ 8.
Nxc3 d5 9. Bd3 Ne5 $1 $146 {An interesting improvement that returns the ball
in White side. Black keeps the position in the center while tries to eliminate
White s best piece. Will we must forget about the 9.Bd3 line? The same players
arrived at the same position five years ago and then, Khmelnitsky, closed the
position with the dubious 9...d4?!.} (9... dxe4 $2 10. Nxe4 Nxe4 11. Bxe4 Qxd1+
12. Kxd1 e5 13. Re1 f6 14. Be3 Be6 15. Ke2 f5 $6 16. Bxc6+ bxc6 17. b3 O-O 18.
Rad1 f4 19. Bc5 Rf5 20. Rd6 Bd5 21. Kf1 e4 22. c4 Bxc4+ 23. bxc4 Rxc5 24. Rxe4
Rf8 25. Rd7 a5 26. Ke2 Rh5 27. Kf3 Rxh2 28. Ree7 g6 29. Ra7 Rh5 30. Rg7+ Kh8
31. Rgc7 g5 32. Rxc6 Rh4 33. Rcc7 g4+ 34. Ke4 f3 35. g3 Rh2 36. c5 Re8+ 37. Kf5
Rg8 38. c6 Rh6 39. Rf7 Re8 40. c7 Kg8 41. Rg7+ Kf8 42. Rf7+ Kg8 43. Kxg4 {
1-0 De Firmian,N-Illescas Cordoba,M/Linares MEX (08) 1994}) (9... d4 $6 10. Ne2
Qa5+ 11. Bd2 Qb6 12. b4 O-O 13. O-O Bd7 14. f4 Rac8 15. Ng3 e5 16. f5 {White
initiative is tremendous.} Ne7 17. a4 Kh8 18. Kh1 a6 19. Nh5 Nxh5 20. Qxh5 f6
21. Rf3 Ng8 22. Rh3 h6 23. Rg3 Be8 24. Qe2 Rf7 25. h3 Rfc7 26. b5 axb5 27. axb5
Qd6 28. Qg4 Qe7 29. Kh2 Qf7 30. Bb4 Qh5 31. Ra7 Qxg4 32. hxg4 b6 33. Ra4 Rb7
34. Rf3 {De Firmian,N-Khmelnitsky,I/USA-ch Modesto (09) ;CBM 51_08 1995/1/2-1/
2 (62)}) 10. Bb5+ Bd7 11. Bxd7+ (11. Qd4 Nc6 12. Bxc6 Bxc6 13. exd5 Bxd5 14.
Nxd5 Qxd5 15. Qxd5 Nxd5 16. c4 Ne7 17. Be3 Nf5 $10 18. Ke2 Nxe3 19. Kxe3 Rc8
20. Rac1 Rc5 21. f3 Ke7 22. b4 Re5+ 23. Kf2 Rd8 24. Rhd1 Rh5 25. Rxd8 Kxd8 26.
h3 Rh4 27. Ke3 e5 28. Rd1+ Kc7 29. c5 a5 30. Rd5 f6 31. g4 Rxh3 32. b5 Rh1 33.
c6 bxc6 34. bxc6 Kxc6 35. Rxa5 Re1+ 36. Kf2 Rb1 37. a4 Rb7 38. g5 Kd6 39. gxf6
gxf6 40. Ra6+ Ke7 41. a5 Rb2+ 42. Kg3 Kf7 43. Ra8 Ra2 44. a6 Kg6 45. Rg8+ Kf5
46. Rh8 Ra3 47. Rxh7 e4 48. Kg2 exf3+ 49. Kg3 Rxa6 {1/2-1/2
Christiansen-Alburt,USA ch (10) CBM 55, 1996.}) (11. f4 Bxb5 12. fxe5 Nxe4 13.
Nxb5 Qh4+ 14. Ke2 Qf2+ 15. Kd3 Nc5+ 16. Kc3 Ne4+ 17. Kb3 $2 Qb6) 11... Qxd7 12.
exd5 (12. f4 Nc6 13. e5 Ng8 {You are playing a nice French.} 14. Qg4 $6 f6)
12... Nxd5 13. Nxd5 exd5 $10 {This is a typical isolated queen pawn position,
with black knight making life difficult for White.} 14. Bf4 Qf5 (14... Nc6 $5)
15. Qd4 Nc6 16. Qe3+ (16. Qxg7 O-O-O) 16... Qe6 17. O-O-O O-O 18. Rhe1 Qf5 19.
Bg3 d4 {Black had other moves, of course.} 20. Qe4 Qxe4 21. Rxe4 f5 $1 {
When White seems to reach a playable position this advance gives a decissive
counterplay.} 22. Re6 f4 23. Bh4 Rf5 $1 (23... f3 24. g4 {xf3}) 24. f3 (24. g4
fxg3 25. Bxg3 $10) 24... Rh5 25. Bf2 Rxh2 26. Rg1 Rd8 27. Re4 g5 28. Kd2 {
White have enough to equalize the game} Rh6 29. Kd3 Kf7 30. b4 a6 31. Bxd4 Nxd4
1/2-1/2

[Event "Minsk op"]
[Site "Minsk"]
[Date "1996.??.??"]
[Round "6"]
[White "Timoshenko, Georgy"]
[Black "Begun, Sergei M"]
[Result "1-0"]
[WhiteElo "2500"]
[BlackElo "2375"]
[Annotator "Shipov,S"]
[PlyCount "107"]
[EventDate "1996.??.??"]
[EventType "swiss"]
[EventRounds "9"]
[EventCountry "BLR"]
[SourceTitle "EXT 2000"]
[Source "ChessBase"]
[SourceDate "1999.11.16"]
[SourceVersion "1"]
[SourceVersionDate "1999.11.16"]
[SourceQuality "1"]

1. e4 c5 2. Nf3 e6 3. d4 cxd4 4. Nxd4 Nf6 5. Nc3 Nc6 6. Ndb5 Bb4 7. a3 Bxc3+ 8.
Nxc3 d5 9. exd5 exd5 10. Bd3 d4 11. Ne2 h6 (11... O-O 12. O-O Qd5) 12. O-O O-O
13. b4 $1 {>< d4/} Bg4 (13... a6 14. Bb2 Kh8 15. Qd2 b5 16. Qf4 Nd5 17. Qg3
Nde7 18. Rad1 Ra7 19. c3 Rd7 20. cxd4 Nd5 $14 {Petrushin,A-Banguiev,A/
Simferopol/1989/0:1/44/}) 14. Bb2 Nd5 $5 $146 (14... a6 15. f3 Be6 16. Kh1 Kh8
17. Qe1 $1 Re8 $2 (17... Qd6 18. Qf2 Rad8 19. Rad1 $14) 18. Qf2 Ne5 19. Nxd4
Nxd3 20. cxd3 $16 {Rytshagov,M-Liiva,R/Tallinn/1996/1:0/83/}) 15. Qd2 Bxe2 16.
Bxe2 (16. Qxe2 Nc3 17. Bxc3 dxc3 $13) 16... Nc3 (16... Qf6 $5 17. b5 Nf4 $1 18.
Kh1 $1 (18. bxc6 $4 Qg5 $19) 18... Nxe2 19. bxc6 Nc3 20. cxb7 Rab8 21. Bxc3
dxc3 22. Qd5 Rfd8 23. Qb5 Qb6 $10) 17. Bxc3 dxc3 18. Qxc3 Nd4 19. Bc4 $1 (19.
Bd3 Rc8 20. Qb2 (20. Qd2 $2 Rxc2 $1 $36) 20... Qf6 21. Kh1 (21. Rab1 Rc3 $1 $44
) 21... Nxc2 22. Qxf6 gxf6 23. Ra2 Nd4 $10) 19... Rc8 (19... b5 $2 20. Rad1 $18
) (19... Qf6 20. Qd3 Rad8 21. Rad1 $16) 20. Qd3 $8 (20. Rad1 $2 Ne2+ $1 $19)
20... Qh4 $1 {/\ 21...Rc4!/} (20... Nxc2 21. Qxc2 b5 22. Bxf7+ $16) 21. Rae1 $1
Rxc4 (21... Nxc2 22. Re4 Qf6 23. Qxc2 b5 24. Qb3 bxc4 25. Rxc4 Qe6 $16 26. Rfc1
$10) 22. Re4 Nf3+ 23. gxf3 Rxe4 $6 (23... Qg5+ $142 24. Kh1 Rc6 25. Rg1 Rd8 $1
$132 {>< c2,f3,a3/}) 24. Qxe4 Qxe4 (24... Qg5+ $5) 25. fxe4 Rd8 (25... Rc8 26.
Rd1 Rxc2 27. Rd8+ Kh7 28. Rd7 Ra2 29. Rxf7 Rxa3 30. Rxb7 $16) 26. Kg2 Rd4 (
26... Rd2 27. Rc1 $1 {/\ Kf3-e3/}) 27. Re1 $1 (27. Kf3 Rc4 $1 $10) 27... Kf8 (
27... Rc4 28. Rd1 $1) 28. Re3 Rc4 (28... Rd2 29. Rc3) 29. c3 $16 b5 30. Kf3 Rc6
$2 (30... Ke7 $16) 31. Rd3 Ra6 32. c4 $1 bxc4 33. Rc3 Rc6 (33... Ke7 34. Ke3
Kd6 35. Kd4) 34. Ke3 Ke7 35. Kd4 Rd6+ 36. Kxc4 Rd2 37. Rf3 Ke6 (37... Re2 38.
Kb5 Rxe4 39. Ka6 $18) 38. Kb5 $1 f6 39. Ka6 Rd7 40. a4 (40. Rf5) 40... Ke5 41.
b5 Kxe4 42. Rb3 g5 43. a5 g4 44. b6 axb6 45. axb6 f5 46. b7 Rxb7 47. Kxb7 $18
f4 48. Kc6 h5 49. Kd6 h4 50. Ke6 h3 51. Kf6 g3 52. fxg3 f3 53. g4 f2 54. Rb1
1-0

[Event "Rubinstein Memorial 35th"]
[Site "Polanica Zdroj"]
[Date "1998.08.18"]
[Round "2"]
[White "Shirov, Alexei"]
[Black "Krasenkow, Michal"]
[Result "1-0"]
[WhiteElo "2720"]
[BlackElo "2655"]
[Annotator "Shirov,A"]
[PlyCount "111"]
[EventDate "1998.08.17"]
[EventType "tourn"]
[EventRounds "11"]
[EventCountry "POL"]
[EventCategory "17"]
[SourceTitle "CBM 067"]
[Source "ChessBase"]
[SourceDate "1998.11.30"]
[SourceVersion "2"]
[SourceVersionDate "1998.11.01"]
[SourceQuality "1"]

1. e4 c5 2. Nf3 Nc6 3. Nc3 e6 4. d4 cxd4 5. Nxd4 Nf6 6. Nxc6 bxc6 7. e5 Nd5 8.
Ne4 Qc7 9. f4 Qb6 10. c4 Bb4+ 11. Ke2 f5 12. Nf2 Ba6 13. Kf3 Ne7 14. Be3 Bc5
15. Bxc5 Qxc5 16. Qd6 Qb6 17. b3 c5 18. Be2 $146 (18. Rd1) (18. Kg3) 18... Rc8
(18... Nc6 $142 $13) 19. Rhd1 Rc7 20. Ke3 $1 $14 Bb7 21. Bf3 Bxf3 (21... Nc6
22. Rd2 $5 Nd4 23. Rxd4 cxd4+ 24. Qxd4 $44) 22. gxf3 $5 (22. Qxb6 $1 axb6 23.
gxf3 $14 Nc6 $140 24. Rd6) 22... Qb7 $1 23. Rg1 $1 Rg8 $6 (23... Ng6 24. Rad1
$1 Rc6 (24... Nh4 25. Rg3 g5 26. fxg5 f4+ 27. Kxf4 Rf8+ 28. Kg4 Nxf3 (28...
Rxf3 29. Kxh4 Rxf2 30. h3 Rf4+ 31. Rg4 Rxg4+ 32. hxg4 Qf3 33. Qd2 $16) 29.
Qxf8+ Kxf8 30. Rxf3+ $16) 25. Qd2 Ra6 $5 $14) (23... Rc6 24. Qd2 O-O $5 25.
Rad1 Rd8 $14) 24. h4 Nc6 $6 (24... Ng6 25. h5 Nh8 (25... Nh4 26. Rg3 g5 27.
fxg5 Rxg5 $5 (27... f4+ 28. Kxf4 Rf8+ (28... Nf5 29. Ne4 $18) 29. Kg4 Rxf3 (
29... Nxf3 30. Qxf8+ Kxf8 31. Rxf3+ $18) 30. Qd2 $5 (30. Kxh4 Rxf2 31. Qd3 $16)
30... Rxg3+ 31. Kxg3 Qg2+ 32. Kxh4 Qh2+ 33. Kg4 Qg2+ 34. Kf4 d6 35. g6 hxg6 36.
hxg6 Qxg6 37. Ng4 Qf5+ 38. Kg3 Rg7 39. Qe2 $16) 28. Rag1 $3 (28. Rxg5 Qxf3+ 29.
Kd2 Qxf2+ 30. Kd3 (30. Kc3 Qe3+ 31. Kb2 Qxg5 32. Qxc7 Qd2+ $11) 30... Qf3+ $1
31. Kc2 Qf2+ $1 32. Kb1 Kf7 33. h6 Ng6 $11) 28... f4+ 29. Kxf4 Rf5+ 30. Ke3
Rxf3+ 31. Kd2 $3 (31. Ke2 Rxg3 32. Rxg3 Kf7 $14) 31... Rxg3 (31... Rxf2+ 32.
Ke1 Qe4+ 33. Kxf2 Qc2+ 34. Ke1 Qc1+ 35. Qd1 $18) 32. Rxg3 Kf7 33. Qd3 $1 Nf5
34. Ne4 $1 Rc6 35. Rg1 $16) 26. Rg2 Nf7 27. Qd2 $14) (24... Rc6 25. Qd2 Nc8 $14
) 25. Nd3 $1 Nb4 (25... Nd4 26. Nxc5 Qxf3+ 27. Kxd4 Qf2+ 28. Kc3 Qxc5 29. Qxc5
Rxc5 30. Rad1 $18) 26. Nxb4 cxb4 27. h5 $1 $16 Qb6+ 28. Qd4 $1 (28. Qxb6 axb6
$14) 28... Kf7 29. Rg2 $1 Qc6 30. Rd1 a5 31. Qd6 $1 Qxd6 (31... Re8 32. Rdg1
Rg8 33. Rxg7+ Rxg7 34. Rxg7+ Kxg7 35. Qe7+ Kg8 36. Qe8+ Kg7 37. h6+ Kxh6 38.
Qf8+ Kh5 39. Qf7+ Kh4 40. Qxh7+ Kg3 41. Qg6+ Kh3 42. Kf2 Qc5+ 43. Kf1 $18) 32.
Rxd6 Ra8 33. Rd1 $1 (33. Rb6 $5 $16) 33... Rg8 34. Kd4 $1 Rc6 35. c5 $1 Rc7 (
35... Rgc8 36. Rdg1 Rg8 37. Kc4 $18) 36. Rdg1 Rc6 37. Kc4 Rc7 38. Kb5 Ra7 39.
Ka4 Raa8 40. Rd2 $6 $138 (40. Rd1 $142) 40... Ra7 41. Rd6 Rc8 42. Rc1 Ke7 43.
Rb6 Kd8 (43... Kf7 44. c6 Rxc6 45. Rbxc6 dxc6 46. Rxc6 h6 47. Rd6 $1 Ke7 48.
Kb5 Rb7+ 49. Kxa5 Ra7+ 50. Kxb4 Rxa2 51. Rc6 Kd7 52. Rb6 $18) 44. Rc2 h6 45.
Rb5 Kc7 46. Rg2 $1 (46. Rxa5 $2 Rxa5+ 47. Kxa5 Rb8 $132) 46... Rg8 47. Rb6 $1 (
47. Rxa5 Rxa5+ 48. Kxa5 Rb8 $1 49. Rxg7 Kc6 $132) 47... Raa8 48. Kb5 $5 (48.
Rd6 $18) 48... Ra7 49. c6 g5 $6 (49... dxc6+ 50. Rxc6+ Kd7 51. Rd2+ Ke7 52.
Rdd6 $18) (49... Rb8 50. Rxb8 Kxb8 (50... dxc6+ 51. Kc5 Kxb8 52. Kxc6 $18) 51.
Kc5 Rc7 52. Kd6 dxc6 53. Kxe6 $18) 50. hxg6 dxc6+ 51. Rxc6+ Kd7 52. g7 a4 53.
Rd2+ Ke7 54. Kb6 Rd7 55. Rxd7+ Kxd7 56. Rc7+ 1-0